000 00310nam a2200133Ia 4500
005 20251222144858.0
008 251222s9999||||xx |||||||||||||| ||spa||
020 _a9972-9617-0-2
082 _a783.043/S71
100 _aSoto, Andrés
245 0 _aTestimonio de Obra:
264 _bEquilibrios
942 _cLIB
999 _c21872
_d21872